| 000 | 00995cam a2200253 i 4500 | ||
|---|---|---|---|
| 003 | SA-RiAUC | ||
| 005 | 20251106071351.0 | ||
| 008 | 251105s1995 su g 00000 ara c | ||
| 040 |
_aSA-RiAUC _bara _cSA-RiAUC _erda |
||
| 082 | 0 | 4 | _a189.1 |
| 090 |
_a189.1 _bا ب و س |
||
| 100 | 1 |
_aأبو سليمان، عبد الحميد أحمد، _d1355-1443 هجري _eمؤلف. |
|
| 245 | 1 | 0 |
_aقضية المنهجية في الفكر الإسلامي / _cعبد الحميد أبو سليمان. |
| 250 | _aالطبعة الأولى. | ||
| 264 | 1 |
_aالرياض : _bالمعهد العالمي للفكر الإسلامي، _c1995 |
|
| 300 |
_a56 صفحة ؛ _c16سم. |
||
| 336 |
_aنص _btxt _2rdacontent _3كتاب |
||
| 337 |
_aبدون وسيط _bn _2rdamedia |
||
| 338 |
_aمجلد _bnc _2rdacarrier |
||
| 440 | 0 |
_aرسائل استكشاف الإسلام _v4 |
|
| 650 | 7 |
_aالفلسفة الإسلامية _2aucsh |
|
| 942 |
_2ddc _cBOOK _n0 |
||
| 949 |
_aSA-JeALM _d251105 _umohamedma123 _n1 |
||
| 999 |
_c13040 _d13040 |
||